[Event "RUS-chT Higher League 2021"]
[Site "Sochi"]
[Date "2021.05.02"]
[Round "2.10"]
[White "Balashov, Yuri S"]
[Black "Novikov, Maxim"]
[Result "1-0"]
[WhiteElo "2461"]
[BlackElo "2469"]
[Annotator "ChessBase"]
[PlyCount "111"]
[EventDate "2021.05.01"]
[EventType "team-tourn"]
[EventCountry "RUS"]
[SourceTitle "playchess.com"]
[Source "ChessBase"]
[SourceQuality "1"]
[TimeControl "40/5400+30:1800+30"]

1. e4 {[%emt 0:00:00]} c5 {[%emt 0:00:00]} 2. Nf3 {[%emt 0:00:00]} d6 {[%emt 0:00:00]} 3. d4 {[%emt 0:00:13]} cxd4 {[%emt 0:00:00]} 4. Nxd4 {[%emt 0:00:05]} Nf6 {[%emt 0:00:01]} 5. Nc3 {[%emt 0:00:08]} g6 {[%emt 0:00:21]} 6. Be2 {[%emt 0:00:55]} Bg7 {[%emt 0:00:12]} 7. O-O {[%emt 0:00:17]} O-O {[%emt 0:00:09]} 8. Be3 {[%emt 0:01:22]} Nc6 {[%emt 0:00:10]} 9. Nb3 {[%emt 0:01:19]} Be6 {[%emt 0:00:38]} 10. f4 {[%emt 0:00:42]} Na5 {[%emt 0:01:22]} 11. f5 {[%emt 0:16:06]} Bc4 {[%emt 0:13:56]} 12. Bd3 {[%emt 0:04:18]} Nxb3 {[%emt 0:23:47]} 13. axb3 {[%emt 0:00:20]} Bxd3 {[%emt 0:00:05]} 14. cxd3 {[%emt 0:04:52]} a6 15. Qf3 {[%emt 0:05:18]} d5 {[%emt 0:13:57]} 16. Bf2 {[%emt 0:02:13]} d4 {[%emt 0:06:05]} 17. Ne2 {[%emt 0:09:18]} Nd7 {[%emt 0:01:46]} 18. Nxd4 {[%emt 0:01:10]} Nc5 {[%emt 0:00:53]} 19. b4 {[%emt 0:01:19]} Bxd4 {[%emt 0:00:55]} 20. bxc5 {[%emt 0:00:10]} Bxf2+ {[%emt 0:00:34]} 21. Rxf2 {[%emt 0:02:19]} Qd4 {[%emt 0:00:22]} 22. Rc1 {[%emt 0:01:52]} Rad8 {[%emt 0:04:48]} 23. Rc3 {[%emt 0:01:44]} a5 {[%emt 0:12:08]} 24. h4 {[%emt 0:08:18]} f6 {[%emt 0:03:38]} 25. Kh2 {[%emt 0:01:50]} Rf7 {[%emt 0:03:11]} 26. Re2 {[%emt 0:08:18]} Rg7 {[%emt 0:01:55]} 27. g3 {[%emt 0:01:27]} Kh8 {[%emt 0:02:53]} 28. fxg6 {[%emt 0:04:31]} Rxg6 {[%emt 0:00:28]} 29. Qe3 {[%emt 0:01:56]} Qe5 {[%emt 0:00:58]} 30. Rf2 {[%emt 0:02:22]} a4 {[%emt 0:04:53]} 31. Rf5 {[%emt 0:03:16]} Qe6 {[%emt 0:00:09]} 32. Rc4 {[%emt 0:02:54]} Rdg8 {[%emt 0:02:42]} 33. Rf3 {[%emt 0:00:37]} Rg4 {[%emt 0:00:37]} 34. Qd4 {[%emt 0:04:44]} Qc6 {[%emt 0:01:22]} 35. Qe3 {[%emt 0:05:44]} Qb5 {[%emt 0:01:24]} 36. Rc2 {[%emt 0:00:28]} Qb3 {[%emt 0:00:11]} 37. Rg2 {[%emt 0:01:00]} Qf7 {[%emt 0:00:19]} 38. e5 {[%emt 0:00:59]} Qg7 {[%emt 0:01:27]} 39. Re2 {[%emt 0:01:54]} f5 {[%emt 0:00:09]} 40. e6 {[%emt 0:00:00]} f4 {[%emt 0:00:00]} 41. Rxf4 {[%emt 0:03:09]} Rxg3 {[%emt 0:01:14]} 42. Qd4 {[%emt 0:00:42]} Qxd4 {[%emt 0:09:34]} 43. Rxd4 {[%emt 0:00:10]} R3g4 {[%emt 0:00:02]} 44. Rde4 {[%emt 0:01:20]} Rg3 {[%emt 0:03:14]} 45. Rd2 {[%emt 0:05:29]} R3g4 {[%emt 0:06:53]} 46. Rxg4 {[%emt 0:01:08]} Rxg4 {[%emt 0:00:04]} 47. d4 {[%emt 0:00:27]} Kg7 {[%emt 0:00:06]} 48. d5 {[%emt 0:01:37]} Kf6 {[%emt 0:00:06]} 49. d6 {[%emt 0:00:36]} Rg8 {[%emt 0:01:49]} 50. d7 {[%emt 0:01:01]} Rd8 {[%emt 0:00:04]} 51. Re2 {[%emt 0:00:43]} Rg8 {[%emt 0:00:06]} 52. Re4 {[%emt 0:01:18]} h5 {[%emt 0:05:09]} 53. Rb4 {[%emt 0:00:57]} Kxe6 {[%emt 0:00:37]} 54. Rxb7 {[%emt 0:00:11]} Rd8 {[%emt 0:04:26]} 55. c6 {[%emt 0:00:13]} Kd6 {[%emt 0:00:01]} 56. c7 {[%emt 0:00:18]} 1-0

[Event "RUS-chT Higher League 2021"]
[Site "Sochi"]
[Date "2021.05.02"]
[Round "2.11"]
[White "Sadovsky, Artem"]
[Black "Kalegin, Evgenij"]
[Result "0-1"]
[WhiteElo "2408"]
[BlackElo "2414"]
[Annotator "NA"]
[PlyCount "112"]
[EventDate "2021.05.01"]
[EventType "team-tourn"]
[EventCountry "RUS"]
[SourceTitle "playchess.com"]
[Source "ChessBase"]
[SourceQuality "1"]
[TimeControl "40/5400+30:1800+30"]

1. Nf3 {[%emt 0:00:00]} Nf6 {[%emt 0:00:07]} 2. c4 {[%emt 0:00:00]} g6 {[%emt 0:00:48]} 3. b3 {[%emt 0:01:50]} Bg7 {[%emt 0:01:38]} 4. Bb2 {[%emt 0:00:04]} O-O {[%emt 0:02:32]} 5. d4 {[%emt 0:04:49]} c5 {[%emt 0:03:31]} 6. e3 {[%emt 0:11:36]} cxd4 {[%emt 0:03:24]} 7. Nxd4 {[%emt 0:00:50]} d5 {[%emt 0:01:16]} 8. Nc3 {[%emt 0:12:16]} Qa5 {[%emt 0:03:14]} 9. Qd2 {[%emt 0:21:43]} dxc4 {[%emt 0:08:58]} 10. Bxc4 {[%emt 0:00:12]} Rd8 {[%emt 0:00:22]} 11. Ne4 {[%emt 0:02:48]} Qb6 {[%emt 0:06:58]} 12. Ng5 {[%emt 0:02:27]} e6 {[%emt 0:01:52]} 13. O-O-O {[%emt 0:05:35]} Na6 {[%emt 0:09:37]} 14. Bc3 {[%emt 0:01:39]} Qc5 {[%emt 0:05:53]} 15. Qb2 {[%emt 0:07:26]} Nd5 {[%emt 0:08:07]} 16. Ndxe6 {[%emt 0:11:29]} Bxe6 {[%emt 0:00:32]} 17. Bxg7 {[%emt 0:00:40]} Nxe3 {[%emt 0:10:14]} 18. Nxe6 {[%emt 0:05:16]} Nxc4 {[%emt 0:02:25]} 19. Nxc5 {[%emt 0:02:51]} Nxb2 {[%emt 0:01:00]} 20. Kxb2 {[%emt 0:02:56]} Nxc5 {[%emt 0:01:29]} 21. Bd4 {[%emt 0:00:27]} Rd5 {[%emt 0:04:02]} 22. Be3 {[%emt 0:03:29]} Nd3+ {[%emt 0:04:21]} 23. Kb1 {[%emt 0:00:01]} a6 {[%emt 0:13:45]} 24. g4 {[%emt 0:00:14]} Rad8 {[%emt 0:00:49]} 25. g5 {[%emt 0:01:14]} R8d6 {[%emt 0:01:40]} 26. h4 {[%emt 0:00:20]} f5 {[%emt 0:00:30]} 27. Rd2 {[%emt 0:00:41]} f4 {[%emt 0:00:49]} 28. Ba7 {[%emt 0:00:03]} Kf7 {[%emt 0:01:35]} 29. Rhd1 {[%emt 0:00:33]} Ke6 {[%emt 0:00:46]} 30. Re2+ {[%emt 0:00:17]} Kf5 {[%emt 0:00:33]} 31. Re7 {[%emt 0:00:45]} Rd7 {[%emt 0:00:17]} 32. Re8 {[%emt 0:00:53]} Kg4 {[%emt 0:00:35]} 33. Rg1+ {[%emt 0:00:15]} Kf3 {[%emt 0:00:25]} 34. Rf8 {[%emt 0:00:26]} Nxf2 {[%emt 0:00:52]} 35. Bb8 {[%emt 0:00:51]} Rd4 {[%emt 0:00:47]} 36. Rc1 {[%emt 0:00:32]} Rd8 {[%emt 0:00:46]} 37. Rc3+ {[%emt 0:00:30]} Kg4 {[%emt 0:00:38]} 38. Rxd8 {[%emt 0:00:29]} Rxd8 {[%emt 0:00:02]} 39. Ba7 {[%emt 0:00:20]} Ne4 {[%emt 0:00:53]} 40. Rc7 {[%emt 0:00:00]} Kxh4 {[%emt 0:00:00]} 41. Rxh7+ {[%emt 0:01:22]} Kxg5 {[%emt 0:00:55]} 42. Rxb7 {[%emt 0:00:14]} Kg4 {[%emt 0:03:30]} 43. a4 {[%emt 0:03:09]} g5 {[%emt 0:01:24]} 44. b4 {[%emt 0:00:21]} f3 {[%emt 0:01:18]} 45. Rf7 {[%emt 0:04:40]} Kg3 {[%emt 0:00:36]} 46. Kc2 {[%emt 0:00:29]} f2 {[%emt 0:00:56]} 47. b5 {[%emt 0:00:40]} axb5 {[%emt 0:00:16]} 48. axb5 {[%emt 0:00:04]} Rd2+ {[%emt 0:10:58]} 49. Kb3 {[%emt 0:05:05]} Rd1 {[%emt 0:01:12]} 50. Rxf2 {[%emt 0:04:19]} Nxf2 {[%emt 0:00:12]} 51. b6 {[%emt 0:00:05]} Ne4 {[%emt 0:01:58]} 52. Kc4 {[%emt 0:00:05]} Nd6+ {[%emt 0:02:38]} 53. Kc5 {[%emt 0:00:06]} Nb7+ {[%emt 0:00:18]} 54. Kc6 {[%emt 0:00:05]} Na5+ {[%emt 0:00:06]} 55. Kb5 {[%emt 0:00:27]} Rd5+ {[%emt 0:00:10]} 56. Ka6 {[%emt 0:00:04]} Kf3 {[%emt 0:00:24]} 0-1

[Event "RUS-chT Higher League 2021"]
[Site "Sochi"]
[Date "2021.05.02"]
[Round "2.12"]
[White "Zhelnin, Vladimir V"]
[Black "Manelyuk, Daniil"]
[Result "0-1"]
[WhiteElo "2408"]
[BlackElo "2345"]
[Annotator "ChessBase"]
[PlyCount "158"]
[EventDate "2021.05.01"]
[EventType "team-tourn"]
[EventCountry "RUS"]
[SourceTitle "playchess.com"]
[Source "ChessBase"]
[SourceQuality "1"]
[TimeControl "40/5400+30:1800+30"]

1. e4 {[%emt 0:00:00]} e6 {[%emt 0:00:00]} 2. d4 {[%emt 0:00:00]} d5 {[%emt 0:00:00]} 3. Nc3 {[%emt 0:00:06]} Bb4 {[%emt 0:00:00]} 4. Nge2 {[%emt 0:04:58]} Nf6 {[%emt 0:01:54]} 5. Bg5 {[%emt 0:04:10]} dxe4 {[%emt 0:05:11]} 6. a3 {[%emt 0:01:16]} Be7 {[%emt 0:00:24]} 7. Bxf6 {[%emt 0:04:49]} Bxf6 {[%emt 0:00:43]} 8. Nxe4 {[%emt 0:00:11]} O-O {[%emt 0:01:17]} 9. Qd3 {[%emt 0:02:08]} Nd7 {[%emt 0:09:32]} 10. g3 {[%emt 0:08:12]} c5 {[%emt 0:03:22]} 11. Bg2 {[%emt 0:02:09]} cxd4 {[%emt 0:09:32]} 12. Nxf6+ {[%emt 0:01:58]} Nxf6 {[%emt 0:06:41]} 13. Qxd4 {[%emt 0:01:00]} e5 {[%emt 0:02:14]} 14. Qc5 {[%emt 0:17:25]} Bg4 {[%emt 0:11:26]} 15. Nc3 {[%emt 0:02:40]} Qd4 {[%emt 0:00:41]} 16. Qb5 {[%emt 0:13:20]} a6 {[%emt 0:02:39]} 17. Qd3 {[%emt 0:06:25]} Rad8 {[%emt 0:04:22]} 18. Qe3 {[%emt 0:03:34]} Qc4 {[%emt 0:12:05]} 19. h3 {[%emt 0:08:08]} Bf5 {[%emt 0:00:40]} 20. Rc1 {[%emt 0:01:02]} h5 {[%emt 0:04:05]} 21. Qe2 {[%emt 0:01:05]} Qc8 {[%emt 0:01:22]} 22. O-O {[%emt 0:06:22]} Bxh3 {[%emt 0:00:26]} 23. Qxe5 {[%emt 0:00:20]} Bxg2 {[%emt 0:01:12]} 24. Kxg2 {[%emt 0:00:08]} h4 {[%emt 0:03:18]} 25. gxh4 {[%emt 0:04:02]} Rfe8 {[%emt 0:03:25]} 26. Qf4 {[%emt 0:00:52]} Re6 {[%emt 0:09:42]} 27. Rcd1 {[%emt 0:01:34]} Rde8 {[%emt 0:02:21]} 28. Rd4 {[%emt 0:00:39]} Nh5 {[%emt 0:01:48]} 29. Qf3 {[%emt 0:00:31]} Rg6+ {[%emt 0:00:20]} 30. Kh1 {[%emt 0:00:52]} Re5 {[%emt 0:00:49]} 31. Rg1 {[%emt 0:01:49]} Rf5 {[%emt 0:00:47]} 32. Qd3 {[%emt 0:02:17]} Qc6+ {[%emt 0:01:46]} 33. Qe4 {[%emt 0:00:45]} Rxg1+ {[%emt 0:01:41]} 34. Kxg1 {[%emt 0:00:01]} Qg6+ {[%emt 0:00:42]} 35. Qg2 {[%emt 0:01:03]} Qe6 {[%emt 0:00:14]} 36. Re4 {[%emt 0:00:37]} Qd7 {[%emt 0:00:13]} 37. Rg4 {[%emt 0:01:13]} g6 {[%emt 0:00:33]} 38. Qe4 {[%emt 0:00:28]} Nf6 {[%emt 0:00:22]} 39. Qg2 {[%emt 0:00:13]} Nxg4 {[%emt 0:00:11]} 40. Qxg4 Qd2 {[%emt 0:00:00]} 41. Ne4 {[%emt 0:03:56]} Qc1+ {[%emt 0:02:27]} 42. Kg2 {[%emt 0:00:16]} Qxb2 {[%emt 0:00:16]} 43. Nd6 {[%emt 0:02:30]} Rf6 {[%emt 0:05:48]} 44. Qc8+ {[%emt 0:06:16]} Kh7 {[%emt 0:00:06]} 45. Ne4 {[%emt 0:01:20]} Rf4 {[%emt 0:02:56]} 46. Ng5+ {[%emt 0:09:44]} Kg7 {[%emt 0:00:11]} 47. Qc7 Rf6 {[%emt 0:00:14]} 48. Ne4 {[%emt 0:01:13]} Rc6 {[%emt 0:00:16]} 49. Qf4 {[%emt 0:01:13]} Qd4 {[%emt 0:00:56]} 50. c3 {[%emt 0:01:58]} Qd5 {[%emt 0:00:46]} 51. f3 {[%emt 0:00:17]} Qf5 {[%emt 0:01:00]} 52. Qb8 {[%emt 0:00:44]} Rb6 {[%emt 0:00:38]} 53. a4 {[%emt 0:02:02]} Qd7 {[%emt 0:03:23]} 54. Qe5+ {[%emt 0:02:08]} f6 {[%emt 0:00:05]} 55. Qf4 {[%emt 0:00:43]} Rb2+ {[%emt 0:00:57]} 56. Kg3 {[%emt 0:00:23]} Qe7 {[%emt 0:00:08]} 57. Qc1 {[%emt 0:02:08]} Re2 {[%emt 0:00:38]} 58. Qg1 {[%emt 0:01:18]} Qe5+ {[%emt 0:00:18]} 59. Kh3 {[%emt 0:00:07]} Qf4 {[%emt 0:00:29]} 60. Qg3 {[%emt 0:01:34]} Qc1 {[%emt 0:00:49]} 61. Qc7+ {[%emt 0:00:09]} Kh6 {[%emt 0:00:15]} 62. Ng3 {[%emt 0:00:16]} Re8 {[%emt 0:01:21]} 63. h5 {[%emt 0:01:03]} Qe3 {[%emt 0:00:34]} 64. Qxb7 {[%emt 0:00:31]} Qe6+ {[%emt 0:00:49]} 65. Kg2 {[%emt 0:00:03]} gxh5 {[%emt 0:00:25]} 66. Qb4 {[%emt 0:00:29]} Qe5 {[%emt 0:00:38]} 67. f4 {[%emt 0:01:31]} Qd5+ {[%emt 0:00:07]} 68. Kh3 {[%emt 0:00:17]} Qf3 {[%emt 0:01:12]} 69. Qd6 {[%emt 0:00:34]} Qg4+ {[%emt 0:00:12]} 70. Kh2 {[%emt 0:00:11]} Qh4+ {[%emt 0:00:21]} 71. Kg2 {[%emt 0:00:08]} Rg8 {[%emt 0:00:20]} 72. f5 {[%emt 0:00:31]} a5 {[%emt 0:01:58]} 73. Kf2 {[%emt 0:01:47]} Qxg3+ {[%emt 0:00:07]} 74. Qxg3 {[%emt 0:00:04]} Rxg3 {[%emt 0:00:06]} 75. Kxg3 {[%emt 0:00:07]} Kg5 {[%emt 0:00:04]} 76. c4 {[%emt 0:00:15]} Kxf5 {[%emt 0:00:19]} 77. Kh4 {[%emt 0:00:08]} Ke5 {[%emt 0:00:17]} 78. Kxh5 {[%emt 0:00:04]} Kd4 {[%emt 0:00:18]} 79. Kg6 {[%emt 0:00:12]} Kxc4 {[%emt 0:00:06]} 0-1

[Event "RUS-chT Higher League 2021"]
[Site "Sochi"]
[Date "2021.05.02"]
[Round "2.13"]
[White "Mokshanov, Alexey"]
[Black "Bryakin, Mikhail"]
[Result "1-0"]
[WhiteElo "2448"]
[BlackElo "2467"]
[Annotator "TA"]
[PlyCount "113"]
[EventDate "2021.05.01"]
[EventType "team-tourn"]
[EventCountry "RUS"]
[SourceTitle "playchess.com"]
[Source "ChessBase"]
[SourceQuality "1"]

{[%evp 9,113,62,55,39,50,49,58,45,65,49,81,67,72,52,74,47,51,47,62,42,159,163,152,113,220,233,228,228,266,261,240,154,193,195,309,306,339,333,361,368,367,360,369,354,491,421,430,447,428,412,871,526,29976,6743,29978,29978,29977,29963,29962,29966,29965,29966,29967,29968,29968,29969,29968,29969,5254,29970,29970,29972,29971,29968,29968,29968,7424,6519,29972,29977,29977,29978,29975,2124,29975,29975,29975,29975,29977,29978,29961,29959,29981,29982,29982,29983,29983,29984,29990,29991,29991,29992,29996,29997,29997,29998]} 1. e4 c5 2. Nf3 g6 3. c3 Nf6 4. e5 Nd5 5. d4 cxd4 6. Qxd4 {B27: Sicilian: 2 Nf3, unusual Black 2nd moves.} Nc7 7. Qh4 h6 8. Bc4 {White is slightly better.} Bg7 9. O-O Nc6 10. Re1 $40 {[%mdl 128] White mounts an attack.} b5 11. Bb3 {[#]} Ne6 $146 ({Predecessor:} 11... Bb7 12. Nbd2 Ne6 13. a4 a6 14. Qg3 b4 15. h4 bxc3 16. bxc3 Qc7 17. Nc4 Na5 18. Nxa5 Qxa5 {0-1 (78) Sethuraman,S (2638)-Iturrizaga Bonelli,E (2597) Moscow 2019}) 12. Nbd2 Qc7 13. a4 Rb8 14. axb5 Nxe5 ({Black should play} 14... Rxb5 $14 15. Bc4 Rb6) 15. Nxe5 $16 Bxe5 16. Bxe6 dxe6 (16... fxe6 $16 {was called for.} 17. Nf3 Bf6) 17. Nf3 $1 $18 Bf6 18. Qa4 {Hoping for Bf4.} Qd7 {[#]} 19. c4 ({Weaker is} 19. Qxa7 Qxa7 20. Rxa7 Rxb5 $14) 19... Bb7 20. Qxa7 O-O {...Ra8 is the strong threat.} 21. Bxh6 Rfc8 {[#]} (21... Ra8 $142 22. Qe3 Rxa1 23. Rxa1 Rc8) 22. Rad1 $1 {[%cal Rd1d7]} Qe8 23. b3 Bxf3 24. gxf3 Bc3 25. Re3 Bb4 26. Red3 Bd6 27. Qe3 Rc5 28. Bf4 e5 29. Bg3 f5 (29... Rbc8 $142 30. f4 exf4 31. Bxf4 Bxf4 32. Qxf4 Rh5) 30. Qh6 Kf7 31. Rxd6 exd6 32. Rxd6 Qg8 33. Bh4 Rc7 34. Rf6+ Ke8 35. Rxg6 Qf8 36. Re6+ Kd7 37. Re7+ Qxe7 38. Bxe7 Kxe7 {[%mdl 4096] Endgame KQ-KRR} 39. Qg7+ {[%mdl 64] Double Attack} Kd6 40. Qf6+ {[%mdl 64] Double Attack} Kd7 41. Qxf5+ Kd6 42. Qf6+ Kd7 43. Qf7+ Kd6 44. Qd5+ Ke7 45. Qxe5+ Kd7 46. Kf1 (46. c5 $142 Re8 47. Qf5+ Ke7 48. b6 Rd7 49. h4 Rg8+ 50. Kh2 Rc8 51. b7 Rxb7 52. Qxc8) 46... Rb6 47. h4 {White mates.} Re6 48. Qf5 Rc8 49. c5 Rce8 50. Qd5+ Kc7 51. b6+ Kb8 52. c6 Rxc6 53. Qd7 ({Inferior is} 53. Qxc6 Re1+ 54. Kg2 Rg1+ 55. Kh2 Rg2+ 56. Kh3 Rg3+ 57. Kh2 Rg2+ 58. Kh3 Rg3+ 59. Kh2 Rg2+ $11) 53... Rc1+ 54. Kg2 Rg8+ 55. Kh2 Ra1 56. Qc7+ Ka8 57. b7+ {Weighted Error Value: White=0.18/Black=0.62} 1-0

[Event "RUS-chT Higher League 2021"]
[Site "Sochi"]
[Date "2021.05.02"]
[Round "2.14"]
[White "Yeletsky, Ivan"]
[Black "Grebnev, Aleksey"]
[Result "1/2-1/2"]
[WhiteElo "2448"]
[BlackElo "2283"]
[Annotator "NA"]
[PlyCount "115"]
[EventDate "2021.05.01"]
[EventType "team-tourn"]
[EventCountry "RUS"]
[SourceTitle "playchess.com"]
[Source "ChessBase"]
[SourceQuality "1"]
[TimeControl "40/5400+30:1800+30"]

1. d4 {[%emt 0:00:00]} Nf6 {[%emt 0:00:00]} 2. c4 {[%emt 0:00:00]} g6 {[%emt 0:00:00]} 3. Nc3 {[%emt 0:00:00]} Bg7 {[%emt 0:00:00]} 4. e4 {[%emt 0:00:00]} d6 {[%emt 0:00:01]} 5. Nf3 {[%emt 0:00:06]} O-O {[%emt 0:00:07]} 6. Be2 {[%emt 0:00:05]} e5 {[%emt 0:00:35]} 7. O-O {[%emt 0:00:09]} Na6 {[%emt 0:00:10]} 8. Re1 {[%emt 0:00:28]} Bg4 {[%emt 0:00:21]} 9. Be3 {[%emt 0:03:32]} exd4 {[%emt 0:08:36]} 10. Nxd4 {[%emt 0:01:19]} Bxe2 {[%emt 0:00:05]} 11. Qxe2 {[%emt 0:01:50]} Nc5 {[%emt 0:00:25]} 12. f3 {[%emt 0:01:47]} Nfd7 {[%emt 0:00:31]} 13. Rad1 {[%emt 0:01:55]} a5 {[%emt 0:07:21]} 14. Ndb5 {[%emt 0:01:23]} Re8 {[%emt 0:04:41]} 15. Qf2 {[%emt 0:08:02]} b6 {[%emt 0:08:04]} 16. Nd4 {[%emt 0:07:16]} Ne5 {[%emt 0:06:05]} 17. Qe2 {[%emt 0:00:10]} Qd7 {[%emt 0:11:04]} 18. Nd5 {[%emt 0:00:34]} Rf8 {[%emt 0:13:03]} 19. Bh6 {[%emt 0:02:25]} Rae8 {[%emt 0:03:00]} 20. Bxg7 {[%emt 0:07:55]} Kxg7 {[%emt 0:00:08]} 21. b3 {[%emt 0:00:06]} c6 {[%emt 0:07:53]} 22. Ne3 {[%emt 0:01:28]} f6 {[%emt 0:02:52]} 23. Qc2 {[%emt 0:04:49]} Ne6 {[%emt 0:01:59]} 24. Qc3 {[%emt 0:02:08]} Nf7 {[%emt 0:04:18]} 25. Rd2 {[%emt 0:08:51]} Nxd4 {[%emt 0:00:43]} 26. Qxd4 {[%emt 0:00:10]} Rb8 {[%emt 0:00:08]} 27. c5 {[%emt 0:20:02]} bxc5 {[%emt 0:00:35]} 28. Qxc5 {[%emt 0:00:06]} Rb5 {[%emt 0:04:26]} 29. Qc3 {[%emt 0:00:08]} Rd8 {[%emt 0:03:18]} 30. Ng4 {[%emt 0:10:30]} Ne5 {[%emt 0:00:57]} 31. Nxf6 {[%emt 0:00:16]} Kxf6 {[%emt 0:03:41]} 32. f4 {[%emt 0:00:08]} Kg7 {[%emt 0:00:07]} 33. fxe5 {[%emt 0:04:09]} Rxe5 {[%emt 0:00:16]} 34. Kh1 {[%emt 0:00:13]} Kg8 {[%emt 0:03:22]} 35. Red1 {[%emt 0:02:16]} Rxe4 {[%emt 0:02:26]} 36. Rxd6 {[%emt 0:00:12]} Qxd6 {[%emt 0:00:01]} 37. Rxd6 {[%emt 0:00:09]} Rxd6 {[%emt 0:00:04]} 38. h3 {[%emt 0:00:06]} Rd5 {[%emt 0:00:39]} 39. Qxc6 {[%emt 0:00:14]} Ree5 {[%emt 0:00:07]} 40. Kh2 {[%emt 0:00:00]} Kg7 {[%emt 0:00:00]} 41. Qc7+ {[%emt 0:01:22]} Kg8 {[%emt 0:00:40]} 42. Qc8+ {[%emt 0:00:29]} Kg7 {[%emt 0:00:07]} 43. Qc7+ {[%emt 0:00:08]} Kg8 {[%emt 0:00:05]} 44. a3 {[%emt 0:01:51]} h5 {[%emt 0:00:35]} 45. b4 {[%emt 0:01:11]} axb4 {[%emt 0:00:05]} 46. axb4 {[%emt 0:00:05]} Rf5 {[%emt 0:00:31]} 47. Qe7 {[%emt 0:00:50]} Rfe5 {[%emt 0:02:12]} 48. Qf6 {[%emt 0:00:26]} Kh7 {[%emt 0:00:06]} 49. Qf7+ {[%emt 0:00:28]} Kh6 {[%emt 0:00:08]} 50. h4 {[%emt 0:03:40]} g5 {[%emt 0:04:42]} 51. Qf6+ {[%emt 0:01:18]} Kh7 {[%emt 0:00:09]} 52. Qf7+ {[%emt 0:00:07]} Kh6 {[%emt 0:00:04]} 53. hxg5+ {[%emt 0:00:06]} Rxg5 {[%emt 0:00:31]} 54. Qf6+ {[%emt 0:01:25]} Kh7 {[%emt 0:00:12]} 55. Qf7+ {[%emt 0:00:28]} Kh6 {[%emt 0:00:08]} 56. Qf6+ {[%emt 0:00:06]} Kh7 {[%emt 0:00:04]} 57. Qf7+ {[%emt 0:00:05]} Kh6 {[%emt 0:00:07]} 58. Qf6+ {[%emt 0:00:08]} 1/2-1/2

[Event "RUS-chT Higher League 2021"]
[Site "Sochi"]
[Date "2021.05.02"]
[Round "2.15"]
[White "Sharikov, Alexander"]
[Black "Klukin, Kirill"]
[Result "0-1"]
[WhiteElo "2132"]
[BlackElo "2330"]
[Annotator "NA"]
[PlyCount "62"]
[EventDate "2021.05.01"]
[EventType "team-tourn"]
[EventCountry "RUS"]
[SourceTitle "playchess.com"]
[Source "ChessBase"]
[SourceQuality "1"]
[TimeControl "40/5400+30:1800+30"]

1. Nf3 {[%emt 0:01:19]} c5 {[%emt 0:00:00]} 2. b3 {[%emt 0:01:13]} Nc6 {[%emt 0:05:25]} 3. Bb2 {[%emt 0:00:06]} Nf6 {[%emt 0:00:19]} 4. e3 {[%emt 0:00:26]} g6 {[%emt 0:01:36]} 5. Be2 {[%emt 0:01:32]} Bg7 {[%emt 0:00:19]} 6. O-O {[%emt 0:00:10]} O-O {[%emt 0:00:13]} 7. d3 {[%emt 0:01:11]} b6 {[%emt 0:01:11]} 8. Nbd2 {[%emt 0:00:30]} Bb7 {[%emt 0:00:07]} 9. c4 {[%emt 0:04:34]} Re8 {[%emt 0:01:06]} 10. Ne5 {[%emt 0:04:57]} Nxe5 {[%emt 0:03:15]} 11. Bxe5 {[%emt 0:00:15]} d6 {[%emt 0:00:13]} 12. Bb2 {[%emt 0:00:07]} e5 {[%emt 0:00:22]} 13. e4 {[%emt 0:04:36]} Nd7 {[%emt 0:02:33]} 14. Bf3 {[%emt 0:09:16]} Nf8 {[%emt 0:09:00]} 15. g3 {[%emt 0:00:19]} Ne6 {[%emt 0:05:43]} 16. Bg2 {[%emt 0:00:10]} Bh6 {[%emt 0:03:04]} 17. Nf3 {[%emt 0:04:04]} a6 {[%emt 0:03:48]} 18. a4 {[%emt 0:03:29]} b5 {[%emt 0:02:40]} 19. axb5 {[%emt 0:00:29]} axb5 {[%emt 0:00:05]} 20. Qc2 {[%emt 0:01:16]} Qb6 {[%emt 0:03:06]} 21. Rxa8 {[%emt 0:03:20]} Rxa8 {[%emt 0:00:13]} 22. Ra1 {[%emt 0:00:23]} Rxa1+ {[%emt 0:02:44]} 23. Bxa1 {[%emt 0:00:03]} Qa5 {[%emt 0:00:35]} 24. Qc3 {[%emt 0:04:07]} b4 {[%emt 0:02:35]} 25. Qb2 {[%emt 0:01:04]} Nd4 {[%emt 0:05:50]} 26. Nxd4 {[%emt 0:00:31]} exd4 {[%emt 0:00:04]} 27. f4 {[%emt 0:01:17]} g5 {[%emt 0:01:48]} 28. e5 {[%emt 0:02:36]} Bxg2 {[%emt 0:00:55]} 29. Kxg2 {[%emt 0:00:28]} Qa8+ {[%emt 0:00:13]} 30. Kh3 {[%emt 0:04:38]} dxe5 {[%emt 0:01:51]} 31. fxe5 {[%emt 0:01:21]} Qf3 {[%emt 0:03:39]} 0-1